| 000 | 00000nam 2200000zi 4500 |
| 001 | 9.866737 |
| 003 | CaOODSP |
| 005 | 20221107162126 |
| 006 | m o d f |
| 007 | cr ||||||||||| |
| 008 | 190107t20182018onc #oz f000 0 fre d |
| 020 | |a9780660292229 |
| 040 | |aCaOODSP|bfre|erda|cCaOODSP |
| 041 | |afre|aeng |
| 043 | |an-cn---|as-ec--- |
| 086 | 1 |aFR4-2018/4-PDF |
| 130 | 0 |aAccord sur le transport aérien entre le Gouvernement du Canada et le Gouvernement de l’Équateur |d(2016 juin 8) |
| 245 | 00|aEcuador / Air - Agreement between the Government of Canada and the Government of Ecuador on Air Transport = |bÉquateur / Air - Accord sur le transport aérien entre le Gouvernement du Canada et le Gouvernement de l’Équateur. |
| 246 | 31|aÉquateur / Air - Accord sur le transport aérien entre le Gouvernement du Canada et le Gouvernement de l’Équateur |
| 246 | 10|aAccord sur le transport aérien entre le Gouvernement du Canada et le Gouvernement de l’Équateur |
| 264 | 1|a[Ottawa] : |bTreaty Law Division of the Department of Foreign Affairs, Trade and Development = Direction du droit des traités du ministère des Affaires étrangères, du commerce et du développement, |c2018. |
| 264 | 4|a©2018 |
| 300 | |a1 ressource en ligne (23, 23 pages). |
| 336 | |atexte|btxt|2rdacontent/fre |
| 337 | |ainformatique|bc|2rdamedia/fre |
| 338 | |aressource en ligne|bcr|2rdacarrier/fre |
| 490 | 1 |aTreaty series = Recueil des traités ; |v2018/4 |
| 500 | |a« Fait à Ottawa le 8 juin 2016. En vigueur : le 13 février 2018. » |
| 500 | |aNumérotation répétée sur les pages suppléants. |
| 520 | |a« Le gouvernement du Canada et le gouvernement de la République de l'Équateur, ci-après dénommés les « Parties », étant parties à la Convention relative à l’aviation civile internationale, faite à Chicago le 7 décembre 1944; désirant assurer le plus haut niveau de sécurité et de sûreté dans le transport aérien international; reconnaissant l’importance du transport aérien international pour la promotion du commerce, du tourisme et de l’investissement; désirant promouvoir leurs intérêts en matière de transport aérien international; désirant conclure un accord sur le transport aérien complétant la Convention précitée, sont convenus sur le transport aérien » -- Page 3. |
| 546 | |aTexte en anglais et en français. |
| 692 | 07|2gccst|aTransport aérien |
| 692 | 07|2gccst|aAccord international |
| 710 | 1 |aCanada. |bAffaires mondiales Canada. |bDirection du droit des traités. |
| 791 | |tEcuador / Air - Agreement between the Government of Canada and the Government of Ecuador on Air Transport = |eeng|w(CaOODSP)9.866736 |
| 830 | #0|aCanada treaty series ;|v2018/4.|w(CaOODSP)9.811738 |
| 856 | 40|qPDF|s211 Ko|uhttps://publications.gc.ca/collections/collection_2019/amc-gac/FR4-2018-4.pdf |